Government budgeting in Nigeria : principles, policies and practices (Record no. 30565)

MARC details
000 -LEADER
fixed length control field 00454nam a2200169Ia 4500
020 ## - INTERNATIONAL STANDARD BOOK NUMBER
ISBN 978136131X
050 ## - CALL MARK
Classification number HJ 2184.7 .O46/
100 ## - STATEMENT OF RESPONSIBILITY--MAIN AUTHOR NAME
Personal name Omopariola, Olufidipe
245 #0 - TITLE STATEMENT
Title Government budgeting in Nigeria : principles, policies and practices
260 ## - PUBLICATION, DISTRIBUTION, ETC. (IMPRINT)
Place of publication Ile-Ife
260 ## - PUBLICATION, DISTRIBUTION, ETC. (IMPRINT)
Name of publisher Obafemi Awolowo University Press
260 ## - PUBLICATION, DISTRIBUTION, ETC. (IMPRINT)
Year of publication 2003
300 ## - PHYSICAL DESCRIPTION
Number of Pages 222 p
942 ## - ADDED ENTRY ELEMENTS (KOHA)
Koha item type Books
Holdings
Withdrawn status Lost status Source of classification or shelving scheme Damaged status Not for loan Permanent Location Current Location Shelving location Date acquired Accession Number Price effective from Koha item type
    Library of Congress Classification     NILE UNIVERSITY OF NIGERIA - MAIN LIBRARY NILE UNIVERSITY OF NIGERIA - MAIN LIBRARY Items on shelf 04/23/2025 0009668 04/23/2025 Books